| 000 | 00689nam a22002657a 4500 | ||
|---|---|---|---|
| 005 | 20240712160952.0 | ||
| 008 | 200311b2002 cr ||||| |||| 00| 0 spa d | ||
| 020 | _a9977125899 | ||
| 041 | _aESP | ||
| 082 | _a582.16 A385g | ||
| 100 |
_aAlfaro Vindas, Evelio _91076 |
||
| 100 |
_aNavarro Valverde, Enia _957674 |
||
| 245 | _aGigantes de Costa Rica | ||
| 260 | _aCosta Rica | ||
| 260 | _bINBIO | ||
| 260 | _c2002 | ||
| 300 | _a104 páginas | ||
| 505 | _aIncluye ilustraciones y fotografías | ||
| 650 | _a ÁRBOLES FORESTALES | ||
| 650 | _aPARQUE NACIONAL LA AMISTAD | ||
| 650 | _aPARQUES NACIONALES | ||
| 650 | _aESTACIÓN ALTAMIRA | ||
| 942 |
_cBK _2ddc |
||
| 999 |
_c12617 _d12617 |
||